[Event "Bruges op"]
[Site "Bruges"]
[Date "2024.08.11"]
[Round "3"]
[White "Beltman, Joost"]
[Black "Legde, Georg"]
[Result "1/2-1/2"]
[WhiteElo "2069"]
[BlackElo "2301"]
[PlyCount "92"]
[EventDate "2024.08.10"]
[EventType "swiss"]
[EventRounds "9"]
[EventCountry "BEL"]
[SourceTitle "CBM 221 Extra"]
[Source "ChessBase"]
[SourceDate "2024.09.30"]
[SourceVersion "1"]
[SourceVersionDate "2024.09.30"]
[SourceQuality "1"]

1. d4 Nf6 2. c4 e6 3. g3 d5 4. Bg2 dxc4 5. Nf3 Nc6 6. Qa4 Bb4+ 7. Bd2 Nd5 8. Qb5 Bxd2+ 9. Nbxd2 c3 10. bxc3 Nxc3 11. Qd3 Nd5 12. 0-0 0-0 13. Rfc1 Bd7 14. Nc4 Qe7 15. Nce5 Nxe5 16. Nxe5 Rfc8 17. Rab1 Rab8 18. e3 Be8 19. Be4 g6 20. h4 c5 21. Qa3 cxd4 22. Rxc8 Rxc8 23. Qxe7 Nxe7 24. Bxb7 Rb8 25. exd4 Bc6 26. Rb3 Rxb7 27. Nxc6 Rc7 28. Nxe7+ Rxe7 29. Kg2 Rd7 30. Rb4 Rd5 31. a4 Kg7 32. Kf3 h6 33. Ke4 f5+ 34. Kf4 Kf6 35. Rc4 g5+ 36. hxg5+ hxg5+ 37. Ke3 Ra5 38. Kf3 Rd5 39. Ke3 Ke7 40. Rc7+ Rd7 41. Rc5 Kf6 42. a5 Rb7 43. Re5 Rb3+ 44. Ke2 Ra3 45. Rc5 a6 46. d5 exd5 1/2-1/2